000 00407nam a2200169Ia 4500
008 131103s9999 xx 000 0 und d
020 _a0 72381195 4
040 _aLoreto College
041 _aEnglish
082 _a745/YOU
_bLCBED/2293
245 _aMake gardens
260 _aBritain
_bNelson
_c1975
300 _a22p.
_b ill.draw.
_c 23cm.
650 _aCraft
850 _aLCBED/745/YOU
942 _cBK
999 _c28239
_d78718